000 01079nam a22002777a 4500
003 dpl
005 20180721160153.0
008 180721b xxu||||| |||| 00| 0 eng d
010 _aA-920510
020 _c60.00
_a8121406552
035 _aA-920510, A-920514
037 _bCen Lib/Ret
040 _aDPL
_bHN
_c0
082 _a
_bविनाय
100 _aविनायक
_9500
245 _aकाक्रोची /
_cविनायक
246 _aKaakrochi /
_bby Vinayak
260 _bनेशनल पब्लिशिंग हाउस
_aनयी दिल्ली
_c1997
270 _bनयी दिल्ली
_a2/35, अंसारी रोड, दरयागंज
_e110002
300 _a105पृ.
_c16सेमी(सजिल्द )
650 _a हिंदी साहित्य
_x
_z
_967153
650 _a हिंदी साहित्य
_xकहानियां
_967154
650 _aHindi literature
_967155
650 _aHindi literature
_xstories
_967156
942 _2ddc
_cHN
_h
_mविनाय
999 _c116560
_d116560